| 000 -LEADER |
| fixed length control field |
00569nam a22001697a 4500 |
| 005 - DATE AND TIME OF LATEST TRANSACTION |
| control field |
20260302175620.0 |
| 008 - FIXED-LENGTH DATA ELEMENTS--GENERAL INFORMATION |
| fixed length control field |
260302s2019 enk||||| |||| 00| 0 eng d |
| 020 ## - INTERNATIONAL STANDARD BOOK NUMBER |
| International Standard Book Number |
9781787382749x |
| 041 ## - LANGUAGE CODE |
| Language code of text/sound track or separate title |
eng |
| 080 ## - UNIVERSAL DECIMAL CLASSIFICATION NUMBER |
| Universal Decimal Classification number |
614 S-23 |
| 100 ## - MAIN ENTRY--PERSONAL NAME |
| Personal name |
Sasakawa, Yohei |
| 9 (RLIN) |
27037 |
| 245 ## - TITLE STATEMENT |
| Title |
No Matter Where the Journey Takes Me: |
| Remainder of title |
One Man's Quest for a Leprosy-Free World / |
| Statement of responsibility, etc. |
Translated by R. Muroji. |
| 264 ## - PRODUCTION, PUBLICATION, DISTRIBUTION, MANUFACTURE, AND COPYRIGHT NOTICE |
| Place of production, publication, distribution, manufacture |
London : |
| Name of producer, publisher, distributor, manufacturer |
Hurst, |
| Date of production, publication, distribution, manufacture, or copyright notice |
2019. |
| 300 ## - PHYSICAL DESCRIPTION |
| Extent |
228 p.: |
| Other physical details |
ill.; |
| Dimensions |
24 cm. |
| 700 ## - ADDED ENTRY--PERSONAL NAME |
| Personal name |
Muroji, R. |
| Relator term |
მთარგგმნელი |
| 9 (RLIN) |
27038 |
| 942 ## - ADDED ENTRY ELEMENTS (KOHA) |
| Source of classification or shelving scheme |
|
| Koha item type |
წიგნი |